Les 10 pays qui manquent le plus d'eau - Statistiques

Statistiques générales
  • Ce quiz a été pris 85 fois
  • Le résultat moyen est 2 sur 10
Statistiques - réponses
Place Pays % Correct
6 Inde
60%
5 Oman
36%
10 Espagne
21%
3 Koweït
20%
1 Bahreïn
19%
4 Liban
19%
8 Grece
9%
9 Belgique
6%
2 Chypre
4%
7 Saint-Marin
1%
Aucun quiz correspondant
Distribution des résultats
% des personnes avec chaque résultat
Percentile par nombre de réponses
Votre historique - résultats
Vous n’avez pas pris ce quiz